000 00298nam a22001217a 4500
008 180522b xxu||||| |||| 00| 0 eng d
041 _aeng
080 _a043.3
100 _a0
101 _aMBE-MA
245 _aPublic Finance Functions and their Role in Governance
_cVranovci, V
942 _2udc
_cBK
999 _c46202
_d46202